000
00261nam a2200109Ia 4500
008
200302s9999 xx 000 0 und d
100
_a
Ernst Van Hagen
245
_a
The Elements of Color
260
_b
Van Nostrand Reinhold Co.,
260
_c
1970
300
_a
95 P.,
999
_c
102
_d
102